BIBLIOTECA

SENCICO

Instalaciones especiales: (Registro nro. 4405)

Detalles MARC
000 -LEADER
fixed length control field 00999nam a22002417a 4500
003 - CONTROL NUMBER IDENTIFIER
control field PE SENCICO BE
005 - DATE AND TIME OF LATEST TRANSACTION
control field 20251020182645.0
008 - FIXED-LENGTH DATA ELEMENTS--GENERAL INFORMATION
fixed length control field 231027b |||||||| |||| 00| 0 eng d
040 ## - CATALOGING SOURCE
Original cataloging agency PE SENCICO BE
Transcribing agency PE SENCICO BE
041 ## - LANGUAGE CODE
Language code of text/sound track or separate title spa
084 ## - OTHER CLASSIFICATION NUMBER
Classification number I
-- DIB
-- 2017
Item number M63
100 1# - MAIN ENTRY--PERSONAL NAME
9 (RLIN) 1729
Personal name Miranda Zamora, Beny
Relator term autor
245 1# - TITLE STATEMENT
Title Instalaciones especiales:
Remainder of title sistemas de seguridad /
Statement of responsibility, etc. Beny Miranda Zamora
260 ## - PUBLICATION, DISTRIBUTION, ETC.
Place of publication, distribution, etc. Lima :
Date of publication, distribution, etc. 2017
300 ## - PHYSICAL DESCRIPTION
Extent 44 h. :
Other physical details il. col., tabls. ;
Dimensions 30 cm.
502 ## - DISSERTATION NOTE
Dissertation note Monografía de Titulación.-- Servicio Nacional de Capacitación para la Industria de la Construcción. Escuela Superior Técnica. Carrera Profesional Técnica en Dibujo en Construcción Civil, 2017.
650 10 - SUBJECT ADDED ENTRY--TOPICAL TERM
9 (RLIN) 1730
Topical term or geographic name entry element Sistemas de seguridad
650 20 - SUBJECT ADDED ENTRY--TOPICAL TERM
9 (RLIN) 1702
Topical term or geographic name entry element Sensores
650 20 - SUBJECT ADDED ENTRY--TOPICAL TERM
9 (RLIN) 894
Topical term or geographic name entry element Protección contra incendios
710 1# - ADDED ENTRY--CORPORATE NAME
Corporate name or jurisdiction name as entry element Servicio Nacional de Capacitación para la Industria de la Construcción.
Subordinate unit Escuela Superior Técnica
9 (RLIN) 1065
910 ## - USER-OPTION DATA (OCLC)
-- hfp
-- hfp
942 ## - ADDED ENTRY ELEMENTS (KOHA)
Koha item type Monografía de Titulación
Source of classification or shelving scheme Dewey Decimal Classification
Existencias
Fecha de la última vez que lo usaron Número de ingreso o de inventario Pago total Signatura topográfica completa Código de barras Precio efectivo desde Tipo de documento Estado perdido Estado dañado No es para préstamo Retirado Ubicación permanente Ubicación actual Fecha de adquisición
27/10/2023 I-00229   I/DIB/2017/M63 BibLima23100063 27/10/2023 Monografía de Titulación         Biblioteca Central Lima Biblioteca Central Lima 27/10/2023